[Event "Detroit (MOR/5/26)"]
[Site "?"]
[Date "1994.??.??"]
[Round "?"]
[White "Stemmler, Daniel"]
[Black "Serwatowski, Felix"]
[Result "1-0"]
[WhiteElo "1610"]
[BlackElo "1605"]
[PlyCount "85"]
[EventDate "1994.??.??"]

{5/(26)} 1. c4 Nf6 2. d4 c6 3. Nf3 g6 4. Nc3 Bg7 5. Bg5 d6 6. e3 Nbd7 7. Qc2
Qc7 8. Bd3 a6 9. O-O O-O 10. Rfe1 Re8 11. Rac1 Nf8 12. d5 e6 13. Qd2 Qb6 14. e4
e5 15. Be3 Qc7 16. h3 N8d7 17. Bh6 a5 18. Nh4 Nc5 19. Bb1 Nh5 20. Be3 Bf6 21.
Bg5 Qe7 22. Nf3 Bxg5 23. Nxg5 Nf4 24. Nf3 Qf6 25. Kh2 Qd8 26. Ne2 Nxe2 27. Qxe2
b6 28. Qe3 Kg7 29. Rcd1 Bb7 30. Qc3 Qf6 31. b3 cxd5 32. exd5 Kg8 33. Kg1 Bc8
34. Re3 Bf5 35. Bxf5 Qxf5 36. Nh2 Ne4 37. Qe1 Nc5 38. Nf3 Qf6 39. Nd4 Rac8 40.
Nb5 Re7 41. Rf3 Qg7 42. Nxd6 Rd8 43. Nf5 1-0

[Event "Detroit (MOR/3/32)"]
[Site "?"]
[Date "1994.??.??"]
[Round "?"]
[White "Stemmler, Daniel"]
[Black "Rodriguez, Brent"]
[Result "1-0"]
[WhiteElo "1610"]
[BlackElo "1605"]
[PlyCount "55"]
[EventDate "1994.??.??"]

{3/(32)} 1. c4 e5 2. d3 f5 3. Nf3 d6 4. Nc3 Be6 5. g3 Bf7 6. Bg2 Bh5 7. O-O e4
8. Qa4+ Nc6 9. Nd4 Nge7 10. Ne6 Qd7 11. Nd5 Qxe6 12. Nxc7+ Kf7 13. Nxe6 Kxe6
14. f3 exf3 15. Bxf3 Bf7 16. d4 h5 17. d5+ Kf6 18. dxc6 Nxc6 19. Bxc6 g5 20.
Bxb7 Rb8 21. Be4 Kg6 22. Rxf5 h4 23. Rb5+ Kh6 24. Rxg5 hxg3 25. hxg3 Bxc4 26.
Qxc4 a5 27. Qf7 a4 28. Qg6# 1-0

[Event "Jackson (Prison m/Jan)"]
[Site "?"]
[Date "1994.??.??"]
[Round "?"]
[White "Stark, Jay"]
[Black "Townsend, B."]
[Result "1/2-1/2"]
[WhiteElo "1605"]
[BlackElo "1605"]
[PlyCount "85"]
[EventDate "1994.??.??"]

1. e4 d5 2. exd5 Qxd5 3. Nc3 Qe5+ 4. Be2 Bg4 5. d4 Qe6 6. Be3 Bf5 7. Nf3 Nd7 8.
O-O Qg6 9. Rc1 e6 10. Nb5 Bd6 11. Nxd6+ cxd6 12. Nh4 Qf6 13. Nxf5 exf5 14. c3
Ne7 15. Bb5 Nc6 16. Qa4 d5 17. Rfe1 O-O 18. Re2 f4 19. Bd2 Nb6 20. Qb3 Qg5 21.
g3 Na5 22. Qc2 Nac4 23. Bxf4 Qg4 24. Bxc4 Nxc4 25. b3 Na3 26. Qd2 Rfe8 27. Rce1
Rxe2 28. Qxe2 Qxe2 29. Rxe2 Nb5 30. Rc2 Rc8 31. Bd2 Nxd4 32. Rb2 Ne2+ 33. Kf1
Nxc3 34. Rc2 d4 35. Bxc3 dxc3 36. Ke2 a5 37. Kd3 f5 38. Rxc3 Rd8+ 39. Ke2 g6
40. Rc7 Rb8 41. Kf3 b6 42. a3 Rd8 43. Ke2 1/2-1/2

[Event "Jackson (Prison m/Oct)"]
[Site "?"]
[Date "1994.??.??"]
[Round "?"]
[White "Stark, Jay"]
[Black "Gumar, M."]
[Result "1/2-1/2"]
[WhiteElo "1605"]
[BlackElo "1605"]
[PlyCount "85"]
[EventDate "1994.??.??"]

1. e4 e5 2. Bc4 Nf6 3. d3 Be7 4. f4 d6 5. Nf3 exf4 6. Bxf4 c6 7. Bb3 a5 8. Nc3
Nbd7 9. O-O b5 10. a3 O-O 11. e5 dxe5 12. Nxe5 Bb7 13. Qf3 Nxe5 14. Bxe5 Qd7
15. Qg3 Kh8 16. Ne4 Qd8 17. Kh1 c5 18. Bxf6 gxf6 19. Rae1 Rg8 20. Qf2 Bxe4 21.
Rxe4 Rg7 22. Qf3 Bd6 23. Qxf6 Qxf6 24. Rxf6 Bf8 25. Rxf7 Rxf7 26. Bxf7 Kg7 27.
Re8 Ra7 28. Bd5 b4 29. axb4 axb4 30. Kg1 Ra1+ 31. Kf2 Rb1 32. b3 Rc1 33. Re2
Bd6 34. h3 Bh2 35. Ke3 h5 36. g4 Bg1+ 37. Kd2 Rf1 38. gxh5 Kh6 39. Re1 Rxe1 40.
Kxe1 Kxh5 41. Ke2 Kg5 42. Kf3 Kf5 43. h4 1/2-1/2

[Event "Detroit (MOR/6/16)"]
[Site "?"]
[Date "1994.??.??"]
[Round "?"]
[White "Stanulis, T."]
[Black "Rotberg, Victor"]
[Result "0-1"]
[WhiteElo "1695"]
[BlackElo "1605"]
[PlyCount "56"]
[EventDate "1994.??.??"]

{6/(16)} 1. e4 c5 2. d4 cxd4 3. c3 d3 4. Bxd3 Nc6 5. Nf3 d6 6. Bc4 e6 7. O-O
Nf6 8. Qe2 Be7 9. Rd1 Qc7 10. Nbd2 O-O 11. Nb3 b6 12. Nbd4 a6 13. a4 Re8 14.
Nxc6 Qxc6 15. e5 Nd7 16. exd6 Bxd6 17. Qd3 Bc5 18. Bb3 Nf6 19. Bc2 e5 20. Ng5
e4 21. Qg3 Bf5 22. Bb3 Bg6 23. Bf4 Nh5 24. Qh4 Nxf4 25. Bxf7+ Bxf7 26. Qxh7+
Kf8 27. Nxf7 Kxf7 28. Qf5+ Qf6 0-1

[Event "Detroit (MOR/4/7)"]
[Site "?"]
[Date "1994.??.??"]
[Round "?"]
[White "Stanulis, T."]
[Black "Raupp, Kenneth A"]
[Result "0-1"]
[WhiteElo "1695"]
[BlackElo "1605"]
[PlyCount "68"]
[EventDate "1994.??.??"]

{4/(7)} 1. e4 e6 2. d4 d5 3. Nc3 Bb4 4. e5 c5 5. a3 Ba5 6. Nge2 Nc6 7. f4 Nge7
8. Be3 Nf5 9. Bf2 Qb6 10. b4 cxb4 11. axb4 Bxb4 12. Qd3 O-O 13. g3 Bd7 14. Bh3
Nce7 15. O-O Rfc8 16. Rfb1 a5 17. Bxf5 Nxf5 18. Nd1 Bb5 19. Qf3 Rxc2 20. Rxb4
Bxe2 21. Rxb6 Bxf3 22. Rxb7 h6 23. Ne3 Nxe3 24. Bxe3 Rg2+ 25. Kf1 Rxh2 26. Rab1
a4 27. R7b2 Be4 28. Rxh2 Bxb1 29. Rb2 Bd3+ 30. Ke1 a3 31. Ra2 Bb1 32. Ra1 a2
33. Kd1 Rc8 34. Bd2 Kf8 0-1

[Event "Detroit (MOR/2/20)"]
[Site "?"]
[Date "1994.??.??"]
[Round "?"]
[White "Stanulis, T."]
[Black "McFolley, John"]
[Result "1/2-1/2"]
[WhiteElo "1695"]
[BlackElo "1605"]
[PlyCount "48"]
[EventDate "1994.??.??"]

{2/(20)} 1. e4 e5 2. d4 exd4 3. c3 dxc3 4. Nxc3 Be7 5. Bc4 d6 6. Qb3 Nf6 7.
Bxf7+ Kf8 8. Nf3 Nc6 9. Bd5 Na5 10. Qa4 c6 11. Bb3 b5 12. Qd4 Nxb3 13. axb3 Bb7
14. Rxa7 c5 15. Rxa8 Qxa8 16. Qe3 b4 17. Ne2 Bxe4 18. Ng5 Qd5 19. Nf4 Qe5 20.
Nge6+ Kf7 21. f3 Bc2 22. Qxe5 dxe5 23. Ng5+ Ke8 24. Nfe6 g6 1/2-1/2

[Event "Detroit (MOR/2/50)"]
[Site "?"]
[Date "1994.??.??"]
[Round "?"]
[White "Spencer, Gordon"]
[Black "Willman, T."]
[Result "1-0"]
[WhiteElo "1605"]
[BlackElo "1605"]
[PlyCount "95"]
[EventDate "1994.??.??"]

{2/(50)} 1. Nf3 d5 2. c4 dxc4 3. Na3 Nc6 4. Nxc4 Bf5 5. d3 e6 6. h3 Be7 7. g3
f6 8. Bg2 e5 9. O-O Nh6 10. a3 Qd7 11. Kh2 Nf7 12. Ng1 O-O 13. b4 Rad8 14. Nd2
Nd4 15. Bb2 Ng5 16. Bxd4 exd4 17. f4 Nf7 18. Bxb7 c6 19. Ba6 Be6 20. Qc2 g5 21.
Bc4 Kh8 22. Rac1 Nd6 23. Bxe6 Qxe6 24. Qxc6 Qa2 25. Nb1 Nf5 26. Qc4 Qxc4 27.
dxc4 Ne3 28. Rf3 Rf7 29. fxg5 f5 30. h4 Kg7 31. Nh3 Ng4+ 32. Kh1 Ne5 33. Nf4
Nxf3 34. Ne6+ Kg6 35. Nxd8 Bxd8 36. exf3 Re7 37. Kg2 Re3 38. Kf2 Bc7 39. f4 h6
40. Re1 hxg5 41. hxg5 a6 42. Rxe3 dxe3+ 43. Kxe3 Bd8 44. Nc3 Kh5 45. Kf3 Be7
46. c5 Bd8 47. Nd5 Kg6 48. c6 1-0

[Event "Grand Rapids (MI Am/4/12)"]
[Site "?"]
[Date "1994.??.??"]
[Round "?"]
[White "Spencer, Gordon"]
[Black "Skidmore, Mike"]
[Result "0-1"]
[WhiteElo "1605"]
[BlackElo "1900"]
[PlyCount "120"]
[EventDate "1994.??.??"]

{4/(12)} 1. Nf3 Nf6 2. b3 d5 3. Bb2 e6 4. g3 c5 5. Bg2 Nc6 6. O-O Bd6 7. d3 O-O
8. Nbd2 Qc7 9. Re1 e5 10. e4 d4 11. h3 Bd7 12. Kh2 b5 13. a4 a6 14. Qe2 Nb4 15.
Rec1 Rfb8 16. Ba3 Nc6 17. Qd1 Rb6 18. axb5 axb5 19. Bb2 Rba6 20. Rxa6 Rxa6 21.
Ra1 Qa7 22. Rxa6 Qxa6 23. Qa1 Qxa1 24. Bxa1 Nb4 25. c4 Nxd3 26. Kg1 Nb4 27. Ne1
Kf8 28. f3 Ke7 29. Bf1 bxc4 30. Nxc4 Be6 31. Kg2 Nd7 32. Bb2 Bxc4 33. bxc4 Nb6
34. Bc1 Nc6 35. Bd2 Bc7 36. Nc2 Na4 37. Na3 Ba5 38. Bxa5 Nxa5 39. f4 exf4 40.
gxf4 Nb2 41. Kf2 Nd1+ 42. Ke1 Ne3 43. f5 Kf6 44. h4 Nxf1 45. Kxf1 Ke5 46. Ke1
Kxe4 47. Kd2 Kxf5 48. Kd3 Kg4 49. Nb5 f5 50. Nd6 f4 51. Ne4 Kxh4 52. Nxc5 f3
53. Ne4 Kh3 54. c5 Kg2 55. Kxd4 f2 56. Nd2 f1=Q 57. Nxf1 Kxf1 58. Kc3 g5 59.
Kb4 Nc6+ 60. Kb5 Ne5 0-1

[Event "Fowlerville (Jun)"]
[Site "?"]
[Date "1994.??.??"]
[Round "?"]
[White "Spencer, Gordon"]
[Black "Schey, Danny"]
[Result "1-0"]
[WhiteElo "1605"]
[BlackElo "1685"]
[PlyCount "89"]
[EventDate "1994.??.??"]

1. Nf3 Nf6 2. b3 g6 3. Bb2 Bg7 4. g3 d6 5. Bg2 e5 6. d3 O-O 7. O-O Nbd7 8. Nbd2
c6 9. c4 Re8 10. Ng5 h6 11. Nge4 Nxe4 12. Nxe4 Nf8 13. Ba3 d5 14. cxd5 cxd5 15.
Nc3 Be6 16. Rc1 Rc8 17. Nb5 Qa5 18. Nd6 Qxa3 19. Rxc8 Rxc8 20. Nxc8 Bxc8 21.
Qc2 Be6 22. Rc1 f5 23. e3 e4 24. d4 Bf7 25. Qc8 Qxa2 26. Qxb7 Ne6 27. Qxd5 Ng5
28. Qa8+ Kh7 29. b4 Qb2 30. Rc7 Qxb4 31. h4 Qe1+ 32. Kh2 Nf3+ 33. Bxf3 Qxf2+
34. Bg2 f4 35. exf4 e3 36. Qf3 Bd5 37. Qxf2 exf2 38. Bf1 h5 39. Rxa7 Kh6 40.
Rd7 Be4 41. d5 Bd4 42. d6 Bc5 43. Rd8 Kg7 44. d7 Bf5 45. Rg8+ 1-0

[Event "Detroit (MOR/7/29)"]
[Site "?"]
[Date "1994.??.??"]
[Round "?"]
[White "Spencer, Gordon"]
[Black "Raupp, Christine"]
[Result "1-0"]
[WhiteElo "1605"]
[BlackElo "1605"]
[PlyCount "133"]
[EventDate "1994.??.??"]

{7/(29)} 1. Nf3 e6 2. b3 f5 3. Bb2 Nf6 4. g3 b6 5. Bg2 Bb7 6. O-O Bc5 7. e3 O-O
8. a3 Nc6 9. Ne5 Ne4 10. Nxc6 Bxc6 11. d3 Nf6 12. Bxc6 dxc6 13. b4 Bd6 14. f4
Qe8 15. c4 Ng4 16. Qe2 Qh5 17. Nd2 b5 18. c5 Be7 19. Nf3 Rad8 20. d4 Rf6 21.
Ne5 Rh6 22. Nxg4 fxg4 23. Rf2 Qh3 24. Qf1 Rd5 25. Qxh3 Rxh3 26. Bc3 h5 27. Be1
h4 28. Rg2 hxg3 29. Bxg3 Rdh5 30. Raa2 Bh4 31. e4 Bxg3 32. Rxg3 Rxg3+ 33. hxg3
Kf7 34. a4 Rh3 35. Kg2 Rh8 36. axb5 cxb5 37. Rxa7 Rc8 38. Ra3 Kf6 39. Kf2 Rd8
40. Ke3 g5 41. Ra2 gxf4+ 42. gxf4 Rg8 43. Rg2 Rg6 44. Kf2 Kg7 45. Kg3 Kf6 46.
Rh2 Kg7 47. Rh4 Kf6 48. Rxg4 Rh6 49. e5+ Kf5 50. Rg7 c6 51. Rg4 Rh1 52. Rg5+
Ke4 53. f5 Rg1+ 54. Kh4 Rh1+ 55. Kg4 Rg1+ 56. Kh5 exf5 57. Rxg1 f4 58. e6 f3
59. e7 f2 60. e8=Q+ Kxd4 61. Rf1 Kc3 62. Qe4 Kd2 63. Rxf2+ Kc3 64. Rf3+ Kd2 65.
Qe3+ Kc2 66. Qe2+ Kc1 67. Rf1# 1-0

[Event "Grand Rapids (MI Am/2/27)"]
[Site "?"]
[Date "1994.??.??"]
[Round "?"]
[White "Spencer, Gordon"]
[Black "Phillips, T."]
[Result "1-0"]
[WhiteElo "1605"]
[BlackElo "1605"]
[PlyCount "145"]
[EventDate "1994.??.??"]

{2/(27)} 1. Nf3 Nf6 2. b3 g6 3. Bb2 Bg7 4. g3 b6 5. Bg2 Bb7 6. O-O d6 7. d3
Nbd7 8. Nbd2 c5 9. c4 O-O 10. e3 a6 11. d4 Ne4 12. Ne1 Nxd2 13. Qxd2 Bxg2 14.
Kxg2 Ra7 15. d5 Bxb2 16. Qxb2 Nf6 17. f3 e6 18. dxe6 fxe6 19. e4 d5 20. cxd5
exd5 21. Rd1 Rd7 22. e5 Nh5 23. f4 Qa8 24. Qf2 Rdf7 25. Qd2 d4+ 26. Kg1 g5 27.
e6 Rf6 28. f5 h6 29. g4 Nf4 30. Rxf4 gxf4 31. Qxf4 Kh7 32. Qc7+ Kh8 33. Qxb6
Rg8 34. h3 h5 35. Qxc5 hxg4 36. h4 Qe4 37. Qxd4 Qxd4+ 38. Rxd4 Rxf5 39. Ng2 Re5
40. Nf4 Re1+ 41. Kg2 g3 42. Rd7 Re3 43. h5 Rg4 44. Ng6+ Kg8 45. Rd8+ Kg7 46. e7
Kf7 47. Rf8+ Kg7 48. e8=Q Rxe8 49. Rxe8 Rg5 50. Re5 Kf6 51. Rxg5 Kxg5 52. Kxg3
Kxh5 53. Ne7 Kg5 54. Kf3 Kf6 55. Nc6 Ke6 56. Ke4 Kd7 57. Nb8+ Kc7 58. Nxa6+ Kb6
59. Nb4 Kb5 60. a3 Ka5 61. Kd5 Kb6 62. Kc4 Ka5 63. a4 Kb6 64. Nd5+ Ka5 65. Kc5
Ka6 66. b4 Kb7 67. b5 Ka7 68. Kc6 Ka8 69. a5 Kb8 70. b6 Kc8 71. a6 Kb8 72. a7+
Ka8 73. Nc7# 1-0

[Event "Detroit (MOR/5/44)"]
[Site "?"]
[Date "1994.??.??"]
[Round "?"]
[White "Spencer, Gordon"]
[Black "Oprean, G."]
[Result "1-0"]
[WhiteElo "1605"]
[BlackElo "1605"]
[PlyCount "135"]
[EventDate "1994.??.??"]

{5/(44)} 1. Nf3 c5 2. c4 g6 3. g3 Bg7 4. Bg2 Nc6 5. O-O e6 6. a3 Nge7 7. Qc2 d6
8. Nc3 b6 9. b3 O-O 10. Bb2 a6 11. Rab1 Bb7 12. Nd1 e5 13. d3 Nd4 14. Bxd4 exd4
15. e3 dxe3 16. fxe3 Nf5 17. Qd2 Re8 18. d4 cxd4 19. exd4 Bh6 20. Qb2 Bg7 21.
Qd2 Ra7 22. d5 Bc8 23. g4 Nh6 24. h3 Kh8 25. Re1 Rae7 26. Nc3 f5 27. g5 Nf7 28.
Rxe7 Rxe7 29. Re1 Qe8 30. h4 Ne5 31. Nxe5 Rxe5 32. Rxe5 Qxe5 33. Qe2 Qxe2 34.
Nxe2 Be5 35. Bh3 Bd7 36. Kf2 b5 37. cxb5 Bxb5 38. Bf1 a5 39. Ng1 Bxf1 40. Kxf1
Kg7 41. Ke2 h6 42. Nf3 Bf4 43. Kd3 hxg5 44. hxg5 Bc1 45. a4 Ba3 46. Kc4 Bb4 47.
Kb5 Kf7 48. Kc6 Ba3 49. Kb5 Bb4 50. Nd4 f4 51. Nf3 Ke7 52. Kc4 Ba3 53. Kd4 Kf7
54. Ke4 Bc1 55. Kd3 Ba3 56. Nd2 Bb4 57. Nc4 f3 58. Ke3 f2 59. Kxf2 Ke7 60. Ke3
Kd7 61. Kd3 Kc7 62. Ne3 Kd7 63. Ng2 Ke7 64. Nh4 Kf7 65. Kc4 Kg7 66. Nf3 Kf7 67.
Nd4 Ke7 68. Nc6+ 1-0

[Event "Detroit (Class DE/2/3)"]
[Site "?"]
[Date "1994.??.??"]
[Round "?"]
[White "Spencer, Gordon"]
[Black "Dowling, Ji"]
[Result "1-0"]
[WhiteElo "1605"]
[BlackElo "1605"]
[PlyCount "53"]
[EventDate "1994.??.??"]

{2/(3)} 1. Nf3 d5 2. c4 Nf6 3. b3 Bf5 4. Bb2 e6 5. g3 c5 6. cxd5 exd5 7. Bg2
Nc6 8. d4 Nb4 9. O-O Nc2 10. Nbd2 Nxa1 11. Bxa1 Be7 12. Nh4 Be6 13. dxc5 Bxc5
14. e3 g5 15. Nhf3 Bg4 16. Qe2 a6 17. h3 Bxf3 18. Qxf3 Be7 19. Bxf6 Bxf6 20.
Qxd5 Qxd5 21. Bxd5 Rd8 22. e4 h5 23. Rc1 Be5 24. Nc4 f6 25. Bxb7 Rd4 26. Nxe5
fxe5 27. Rc8+ 1-0

[Event "Fowlerville (Jun)"]
[Site "?"]
[Date "1994.??.??"]
[Round "?"]
[White "Spencer, Gordon"]
[Black "Charette, K."]
[Result "1-0"]
[WhiteElo "1605"]
[BlackElo "1605"]
[PlyCount "69"]
[EventDate "1994.??.??"]

1. Nf3 d5 2. c4 c6 3. cxd5 cxd5 4. g3 e6 5. Bg2 Nf6 6. O-O Be7 7. d3 O-O 8.
Nbd2 Nc6 9. b3 b5 10. Bb2 a5 11. a3 Re8 12. Qc2 Bb7 13. Rac1 Ng4 14. h3 Nf6 15.
Qb1 Bd6 16. Qa1 e5 17. Rc2 Qb6 18. Kh2 Nd7 19. Nh4 Nd4 20. Bxd4 exd4 21. Re1
Rac8 22. Rxc8 Rxc8 23. Rc1 Re8 24. Bf1 Nf6 25. Nf5 Be5 26. Nf3 Nh5 27. Nxe5
Rxe5 28. Qxd4 Qe6 29. g4 g6 30. Nh6+ Kg7 31. Nxf7 Kxf7 32. Rc7+ Ke8 33. gxh5
Qd6 34. Qc5 Rg5+ 35. Qxd6 1-0

[Event "Detroit (Class DE/2/14)"]
[Site "?"]
[Date "1994.??.??"]
[Round "?"]
[White "Spangler, Richard"]
[Black "Mailing, Don"]
[Result "0-1"]
[WhiteElo "1605"]
[BlackElo "1605"]
[PlyCount "120"]
[EventDate "1994.??.??"]

{2/(14)} 1. d4 d5 2. Nf3 Nc6 3. Nbd2 Nf6 4. e3 a6 5. Bd3 Bg4 6. h3 Bh5 7. e4
dxe4 8. Nxe4 e6 9. Nxf6+ gxf6 10. Be2 Bg6 11. Be3 Bd6 12. a3 Qe7 13. Qd2 O-O-O
14. O-O Rhg8 15. b4 Be4 16. c4 Qd7 17. Rab1 Bxf3 18. Bxf3 e5 19. d5 Nd4 20.
Bxd4 exd4 21. Qxd4 Qxh3 22. g3 Rxg3+ 23. fxg3 Qxg3+ 24. Bg2 Qh2+ 25. Kf2 Bg3+
26. Ke3 Qxg2 27. Kd3 Be5 28. Qf2 Qg6+ 29. Qf5+ Qxf5+ 30. Rxf5 Rg8 31. Rf3 h6
32. Rh1 Rg6 33. Rfh3 Bf4 34. Rh4 Bg5 35. Rg4 f5 36. Rg2 Kd7 37. c5 Kd8 38. a4
Kd7 39. Kc4 Kc8 40. Rd1 Kd7 41. Rg3 Kc8 42. a5 Kd7 43. b5 Kc8 44. d6 c6 45.
bxc6 bxc6 46. Rb1 Re6 47. Kd3 Re5 48. Rb6 Rxc5 49. Rxa6 Rd5+ 50. Kc4 Rxd6 51.
Rd3 Rxd3 52. Kxd3 Kb7 53. Rb6+ Kc7 54. Kc4 Bd2 55. Kc5 Be3+ 56. Kc4 Bxb6 57. a6
Ba7 58. Kd3 h5 59. Ke2 h4 60. Kf3 c5 0-1

[Event "Detroit (Class DE/4/17)"]
[Site "?"]
[Date "1994.??.??"]
[Round "?"]
[White "Spangler, Richard"]
[Black "LaFerriere, Larry"]
[Result "1-0"]
[WhiteElo "1605"]
[BlackElo "1605"]
[PlyCount "111"]
[EventDate "1994.??.??"]

{4/(17)} 1. d4 d5 2. Nf3 Nc6 3. Nbd2 Nf6 4. e3 h6 5. c3 Bg4 6. Bd3 e5 7. dxe5
Nxe5 8. Be2 Ne4 9. Nxe4 dxe4 10. Qxd8+ Rxd8 11. Nd4 Bxe2 12. Kxe2 Nd3 13. Rd1
Ne5 14. b3 Bc5 15. Bb2 O-O 16. c4 Nd3 17. Bc3 Ne5 18. Nb5 Rxd1 19. Rxd1 Ng4 20.
h3 Nf6 21. Nxc7 Rc8 22. Bxf6 gxf6 23. Nd5 f5 24. g4 fxg4 25. Nf6+ Kh8 26. Nxe4
gxh3 27. Nxc5 Rxc5 28. Rh1 Rh5 29. Kf3 Kg7 30. Kg4 Kg6 31. Rxh3 Rxh3 32. Kxh3
Kg5 33. f3 f5 34. f4+ Kg6 35. Kh4 a6 36. a4 Kg7 37. b4 Kg6 38. a5 h5 39. b5
axb5 40. cxb5 Kf6 41. a6 bxa6 42. bxa6 Ke6 43. a7 Kd5 44. a8=Q+ Kc4 45. Qd8 Kc3
46. Kxh5 Kc2 47. Qd5 Kc1 48. Qxf5 Kd2 49. Qe4 Ke2 50. f5 Kf2 51. f6 Kg1 52. Qf3
Kh2 53. f7 Kg1 54. f8=Q Kh2 55. Q8f4+ Kg1 56. Q4g3# 1-0

[Event "Grand Rapids (MI Am/5/35)"]
[Site "?"]
[Date "1994.??.??"]
[Round "?"]
[White "Spangler, Richard"]
[Black "Fuson, R."]
[Result "1-0"]
[WhiteElo "1605"]
[BlackElo "1605"]
[PlyCount "83"]
[EventDate "1994.??.??"]

{5/(35)} 1. d4 d5 2. Nf3 Nf6 3. e3 Nc6 4. c3 g6 5. Bd3 Bg7 6. Nbd2 O-O 7. O-O
e6 8. b4 a6 9. a4 b6 10. Ba3 Re8 11. Qb3 e5 12. dxe5 Nxe5 13. Nxe5 Rxe5 14. Nf3
Re8 15. Rad1 Bg4 16. Be2 Be6 17. Nd4 Ng4 18. Nxe6 Rxe6 19. Bxg4 Re4 20. Bf3 Re8
21. Bxd5 Qf6 22. Bxa8 Rxa8 23. Bb2 h5 24. Rd7 c6 25. Rfd1 g5 26. R1d6 Qf5 27.
Rd8+ Rxd8 28. Rxd8+ Kh7 29. Qd1 g4 30. Qd3 Qxd3 31. Rxd3 f5 32. g3 Be5 33. Rd2
b5 34. c4 Bxb2 35. Rxb2 Kg6 36. cxb5 cxb5 37. axb5 axb5 38. Rc2 Kf6 39. Rc5 Kg5
40. e4 h4 41. Rxf5+ Kg6 42. gxh4 1-0

[Event "Grand Rapids (MI Am/1/20)"]
[Site "?"]
[Date "1994.??.??"]
[Round "?"]
[White "Spangler, Richard"]
[Black "Drysdale, C."]
[Result "0-1"]
[WhiteElo "1605"]
[BlackElo "1740"]
[PlyCount "46"]
[EventDate "1994.??.??"]

{1/(20)} 1. d4 e5 2. dxe5 Nc6 3. Nf3 Qe7 4. Nc3 Nxe5 5. e4 c6 6. Nxe5 Qxe5 7.
Bd3 Nf6 8. Qe2 Bb4 9. Bd2 O-O 10. O-O-O Re8 11. f4 Qa5 12. Kb1 d5 13. Rdf1 d4
14. a3 Bxc3 15. bxc3 dxc3 16. Bc1 Bg4 17. Qe1 Nxe4 18. Bxe4 Bf5 19. Qd1 Bxe4
20. Qd7 Rad8 21. Qg4 Qb5+ 22. Ka1 Bxc2 23. Be3 Qb2# 0-1

[Event "Detroit (MOR/2/16)"]
[Site "?"]
[Date "1994.??.??"]
[Round "?"]
[White "Solski, Jeff"]
[Black "Waters, G."]
[Result "0-1"]
[WhiteElo "1605"]
[BlackElo "1705"]
[PlyCount "62"]
[EventDate "1994.??.??"]

{2/(16)} 1. e4 e6 2. d4 d5 3. Nc3 Nf6 4. Bg5 Be7 5. Bd3 c5 6. exd5 exd5 7. dxc5
O-O 8. Bxf6 Bxf6 9. Nxd5 Bxb2 10. Rb1 Ba3 11. Nh3 Re8+ 12. Ne3 Bxh3 13. Bxh7+
Kxh7 14. Qh5+ Kg8 15. Qxh3 Qa5+ 16. Ke2 Bxc5 17. Rhd1 b6 18. Kf1 Bxe3 19. fxe3
Nc6 20. Qd7 Ne5 21. Qf5 Nc4 22. Qf3 Nxe3+ 23. Kg1 Nxd1 24. Rxd1 Qc5+ 25. Kh1
Rad8 26. Rf1 Re7 27. h3 Rde8 28. Qb3 Qc7 29. h4 Re1 30. Qf3 Rxf1+ 31. Qxf1 Qg3
0-1

[Event "Detroit (MOR/6/21)"]
[Site "?"]
[Date "1994.??.??"]
[Round "?"]
[White "Solski, Jeff"]
[Black "Walters, G."]
[Result "1-0"]
[WhiteElo "1605"]
[BlackElo "1655"]
[PlyCount "67"]
[EventDate "1994.??.??"]

{6/(21)} 1. e4 e5 2. Nf3 Nc6 3. Bb5 a6 4. Ba4 Nf6 5. O-O b5 6. Bb3 Be7 7. Re1
d6 8. c3 Bg4 9. d3 Na5 10. Bg5 Nxb3 11. axb3 c5 12. Nbd2 h6 13. Bxf6 Bxf6 14.
Nf1 O-O 15. Ne3 Bh5 16. g4 Bg6 17. Kh1 h5 18. Rg1 Qd7 19. gxh5 Bxh5 20. Nd5 Qd8
21. Rg3 g6 22. Qg1 Bg7 23. Qg2 Qd7 24. Rg1 Ra7 25. Rg5 f5 26. Rxh5 gxh5 27. Qg6
Qf7 28. Qxd6 fxe4 29. Nxe5 Qb7 30. Qe6+ Kh7 31. Qg6+ Kg8 32. dxe4 Rxf2 33. Qe8+
Rf8 34. Nf6+ 1-0

[Event "Eastpointe (US Am N/5/21)"]
[Site "?"]
[Date "1994.??.??"]
[Round "?"]
[White "Solski, Jeff"]
[Black "Thurman, John"]
[Result "0-1"]
[WhiteElo "1605"]
[BlackElo "1740"]
[PlyCount "60"]
[EventDate "1994.??.??"]

{5/(21)} 1. e4 c5 2. Nf3 Nc6 3. d4 cxd4 4. Nxd4 Nf6 5. Nc3 d6 6. Be2 e6 7. O-O
Be7 8. Be3 Bd7 9. Ndb5 Qb8 10. f4 a6 11. Nxd6+ Bxd6 12. e5 Nxe5 13. fxe5 Bxe5
14. Bd4 O-O 15. Rxf6 gxf6 16. Bxe5 Qxe5 17. Qxd7 b5 18. Bd3 Qc5+ 19. Kh1 Ra7
20. Ne4 Qb6 21. Qd6 Qxd6 22. Nxd6 f5 23. Rd1 Rd8 24. c4 Rxd6 25. c5 Rd5 26. g4
Rad7 27. c6 Rxd3 28. Rxd3 Rxd3 29. c7 Rd1+ 30. Kg2 Rc1 0-1

[Event "Detroit (Class C/4/8)"]
[Site "?"]
[Date "1994.??.??"]
[Round "?"]
[White "Solski, Jeff"]
[Black "Seegers, P."]
[Result "1/2-1/2"]
[WhiteElo "1605"]
[BlackElo "1605"]
[PlyCount "122"]
[EventDate "1994.??.??"]

{4/(8)} 1. e4 c5 2. Nc3 Nc6 3. g3 g6 4. Bg2 Bg7 5. Nge2 d6 6. d3 Nf6 7. f4 e6
8. O-O O-O 9. Kh1 a6 10. Ng1 Qd7 11. Bd2 b5 12. Rb1 Nd4 13. e5 Nd5 14. Nxd5
exd5 15. Bxd5 Bb7 16. c4 dxe5 17. Nf3 Bxd5 18. cxd5 Qxd5 19. Be3 Nf5 20. Qe2
Rfe8 21. Qf2 Nxe3 22. Qxe3 e4 23. dxe4 Rxe4 24. Qd2 Bd4 25. Qg2 Rd8 26. Nd2 Re2
27. Qxd5 Rxd5 28. Rfd1 Bg7 29. Nb3 Rxd1+ 30. Rxd1 c4 31. Nc5 a5 32. Rd8+ Bf8
33. Nd7 Re1+ 34. Kg2 Rd1 35. Rxf8+ Kg7 36. Rd8 b4 37. Kf3 c3 38. bxc3 bxc3 39.
Rc8 Rxd7 40. Rxc3 Rd2 41. Ra3 Rxh2 42. Rxa5 Rd2 43. a4 Rd6 44. Ra8 Kf6 45. a5
h5 46. a6 Rd7 47. a7 Kf5 48. Kf2 Kg4 49. f5 Kxf5 50. Kf3 Re7 51. Kg2 Kg4 52.
Kf2 Rc7 53. Ke3 Kxg3 54. Ke4 h4 55. Ke5 h3 56. Kd6 Rc1 57. Rh8 Ra1 58. a8=Q
Rxa8 59. Rxa8 h2 60. Ra3+ Kg2 61. Ra2+ Kg3 1/2-1/2

[Event "Detroit (MCO/C/6/7)"]
[Site "?"]
[Date "1994.??.??"]
[Round "?"]
[White "Solski, Jeff"]
[Black "McFolley, John"]
[Result "1-0"]
[WhiteElo "1605"]
[BlackElo "1605"]
[PlyCount "69"]
[EventDate "1994.??.??"]

{6/(7)} 1. e4 e5 2. Nf3 d6 3. Be2 Nd7 4. d4 exd4 5. Nxd4 Ngf6 6. Bg5 Be7 7. Nf5
O-O 8. Nc3 Nb6 9. Nxe7+ Qxe7 10. O-O h6 11. Bxf6 Qxf6 12. f4 g6 13. Qd3 Kg7 14.
f5 g5 15. Rf3 Rh8 16. Raf1 Bd7 17. b3 Rag8 18. a4 c6 19. a5 Nc8 20. e5 Qxe5 21.
Re3 Qxa5 22. Bh5 Kf8 23. Ne4 Qc7 24. Nf6 Rg7 25. Rfe1 Rgh7 26. Qd4 Qd8 27. b4
b6 28. Ne4 Bxf5 29. Nf6 Be6 30. Rxe6 fxe6 31. Rxe6 Re7 32. Nd7+ Kg8 33. Rg6+
Kf7 34. Qg7+ Ke8 35. Nf6# 1-0

[Event "Eastpointe (US Am N/2/18)"]
[Site "?"]
[Date "1994.??.??"]
[Round "?"]
[White "Solski, Jeff"]
[Black "Lubben, Don"]
[Result "0-1"]
[WhiteElo "1605"]
[BlackElo "1860"]
[PlyCount "58"]
[EventDate "1994.??.??"]

{2/(18)} 1. e4 e6 2. Nf3 d5 3. exd5 exd5 4. d3 c5 5. g3 Bg4 6. Bg2 Qe7+ 7. Qe2
Qxe2+ 8. Kxe2 Nc6 9. Re1 O-O-O 10. Kf1 Nf6 11. Bf4 h6 12. Ne5 Be6 13. Ng6 Nd4
14. Nxh8 Nxc2 15. Nc3 Nxa1 16. Rxa1 Be7 17. Nxf7 Bxf7 18. Bh3+ Nd7 19. Nb5 b6
20. Bd6 Bf6 21. a4 a6 22. Bc7 Rf8 23. Bd6 Rd8 24. Bc7 axb5 25. Bxd8 Kxd8 26.
axb5 Bxb2 27. Ra7 Be8 28. Rb7 c4 29. Rxb6 Nxb6 0-1

[Event "Detroit (MCO/C/2a/9)"]
[Site "?"]
[Date "1994.??.??"]
[Round "?"]
[White "Solski, Jeff"]
[Black "Kim, E."]
[Result "1-0"]
[WhiteElo "1605"]
[BlackElo "1605"]
[PlyCount "97"]
[EventDate "1994.??.??"]

1. e4 e5 2. Nf3 Nc6 3. Bb5 a6 4. Ba4 Be7 5. c3 Nf6 6. O-O b5 7. Bc2 O-O 8. Re1
Bb7 9. d4 exd4 10. cxd4 d6 11. Bg5 Re8 12. Nbd2 Qd7 13. Rc1 Nh5 14. Nb3 Bxg5
15. Nxg5 Nf4 16. Bb1 h6 17. Nf3 Qg4 18. g3 Nh3+ 19. Kf1 Rac8 20. Rc3 Nd8 21.
Qc2 b4 22. Rce3 Ne6 23. e5 Neg5 24. Nh4 dxe5 25. f3 Qd7 26. f4 exf4 27. Rxe8+
Rxe8 28. Rxe8+ Qxe8 29. gxf4 Nxf4 30. Nc5 Qb5+ 31. Ke1 Ng2+ 32. Nxg2 Bxg2 33.
Qxg2 Qe8+ 34. Qe2 Nf3+ 35. Kf2 Qxe2+ 36. Kxe2 Nxd4+ 37. Kd3 Ne6 38. Nxa6 c5 39.
Kc4 g5 40. Nxc5 Nc7 41. Kxb4 Nd5+ 42. Kc4 Ne3+ 43. Kd4 Nf1 44. Bd3 Nxh2 45. Be2
f5 46. Ke3 Ng4+ 47. Bxg4 fxg4 48. Ne4 Kg7 49. a4 1-0